000 00901nam a2200289 a 4500
001 28085
003 BD-RjUL
005 20211209051234.0
008 140329s1979 nyu b 000 0 eng
020 _a0195024680 (v. 1) :
020 _a0195024699 (v. 2) :
035 _a(BD-RjUL)28166
040 _aLC
_beng
_cLC
_dLC
_dBD-RjUL
041 _aeng
082 0 4 _a973
_bAME V-2 1979
245 1 0 _aAmerican vistas /
_cedited by Leonard Dinnerstein and Kenneth T. Jackson.
_nVolume 2 :
_p1877 to the present.
250 _a3d ed.
260 _aNew York :
_bOxford University Press,
_c1979.
300 _avii, 422 p. ;
_c21 cm.
504 _aIncludes bibliographical references.
651 0 _aUnited States
_xHistory.
_986101
700 1 _aDinnerstein, Leonard,
_984187
700 1 _aJackson, Kenneth T,
_ejoint comp.
_986102
942 _2ddc
_cBK
999 _c28085
_d28085